ADITIVOS PARA CONCRETO (Registro nro. 45044)
[ vista simple ]
| 000 -LEADER | |
|---|---|
| fixed length control field | 00942nam a2200181 a 4500 |
| 001 - CONTROL NUMBER | |
| control field | 45044 |
| 005 - DATE AND TIME OF LATEST TRANSACTION | |
| control field | 20180714024110.0 |
| 008 - FIXED-LENGTH DATA ELEMENTS--GENERAL INFORMATION | |
| fixed length control field | 140415s1983 mx 000 0 spa d |
| 020 ## - INTERNATIONAL STANDARD BOOK NUMBER | |
| International Standard Book Number | 9684640242 |
| 041 ## - LANGUAGE CODE | |
| Language code of text/sound track or separate title | spa |
| 082 ## - DEWEY DECIMAL CLASSIFICATION NUMBER | |
| Classification number | 691.3 |
| Item number | ADI |
| 245 00 - TITLE STATEMENT | |
| Title | ADITIVOS PARA CONCRETO |
| 250 ## - EDITION STATEMENT | |
| Edition statement | 1a ed. |
| 260 ## - PUBLICATION, DISTRIBUTION, ETC. | |
| Place of publication, distribution, etc. | MEXICO : |
| Name of publisher, distributor, etc. | INSTITUTO MEXICANO DEL CEMENTO Y DEL CONCRETO, A.C, |
| Date of publication, distribution, etc. | 1983 |
| 300 ## - PHYSICAL DESCRIPTION | |
| Extent | 387 |
| Dimensions | x 15 x 22.5 |
| 520 ## - SUMMARY, ETC. | |
| Summary, etc. | ESTE QUINTO INFORME DEL COMITÉ ACI 212: ADITIVOS, ACTUALIZA LOS INFORMES ANTERIORES DE 1944, 1954, 1963 Y 1971. EN ESTE INFORME SE EXAMINAN LOS PROPÓSITOS GENERALES Y LAS PRECAUCIONES EN EL EMPLEO DE ADITIVOS, ASÍ COMO LOS MÉTODOS DE ALMACENAMIENTO Y USO. LOS ADITIVOS SE CLASIFICAN EN 5 GRUPOS: ACELERANTES, INCLUSORES DE AIRE, REDUCTORES DE AGUA Y REGULADORES DE FRAGUADO, MINERALES FINAMENTE DIVIDIDOS, DIVERSOS. ESTE ÚLTIMO GRUPO SE SUBDIVIDE EN 11 CATEGORÍAS . |
| 650 14 - SUBJECT ADDED ENTRY--TOPICAL TERM | |
| Topical term or geographic name entry element | HORMIGON |
| Withdrawn status | Lost status | Source of classification or shelving scheme | Damaged status | Not for loan | Collection code | Home library | Current library | Shelving location | Date acquired | Source of acquisition | Inventory number | Total Checkouts | Total Renewals | Full call number | Barcode | Date last seen | Date last checked out | Price effective from | Koha item type |
|---|---|---|---|---|---|---|---|---|---|---|---|---|---|---|---|---|---|---|---|
| Dewey Decimal Classification | General | Biblioteca Karol Wojtyla | Biblioteca Karol Wojtyla | Sala general | 03/12/2013 | Compra | 151000000000000000029137 | 1 | 1 | 691.3 ADI | 67745 | 05/01/2026 | 24/09/2019 | 03/12/2013 | Libro |